Business data communications : basic concepts, security, and design
Αποθηκεύτηκε σε:
| Κύριος συγγραφέας: | |
|---|---|
| Μορφή: | Βιβλίο |
| Γλώσσα: | English |
| Δημοσίευση: |
New York, Chichester :
Wiley,
1993
|
| Έκδοση: | 4th ed. |
| Θέματα: | |
| Ετικέτες: |
Προσθήκη ετικέτας
Δεν υπάρχουν, Καταχωρήστε ετικέτα πρώτοι!
|
MARC
| LEADER | 00000nam a2200000 i 4500 | ||
|---|---|---|---|
| 001 | 1/40922 | ||
| 008 | 960205s1993 eng d | ||
| 020 | |a 0-471-59983-2 | ||
| 035 | |l 10025320 | ||
| 040 | |a GR-MY-UA |b gre |e aacr | ||
| 041 | 0 | |a eng | |
| 082 | 0 | |a 004.6 | |
| 100 | 1 | |a FitzGerald, Jerry. | |
| 245 | 1 | 0 | |a Business data communications : |b basic concepts, security, and design / |c Jerry Fitzgerald |
| 250 | |a 4th ed. | ||
| 260 | |a New York, Chichester : |b Wiley, |c 1993 | ||
| 500 | |a Includes index | ||
| 650 | 0 | 0 | |a Data transmission systems. |
| 650 | 0 | 0 | |a Computer networks. |
| 650 | 0 | 0 | |a Office practice |x Automation. |
| 852 | |a INST |b CHIOS |e 19960205 |h 004.6 FIT |p 005200003662 |q 005200003662 |t BK |y 0 | ||
| 909 | |a Χ |b 037563 | ||